Normal view
MARC view
- Bashir Ahmed Hassan
Entry Personal Name
001 - CONTROL NUMBER
- control field: 48455
003 - CONTROL NUMBER IDENTIFIER
- control field: NUST
005 - DATE AND TIME OF LATEST TRANSACTION
- control field: 20210314134045.0
008 - FIXED-LENGTH DATA ELEMENTS
- fixed length control field: 210314|| aca||aabn | a|a d
040 ## - CATALOGING SOURCE
- Original cataloging agency: NUST
- Transcribing agency: NUST
100 ## - HEADING--PERSONAL NAME
- Personal name: Bashir Ahmed Hassan
670 ## - SOURCE DATA FOUND
- Source citation: Work cat.: (NUST): Bashir Ahmed Hassan , Evaluation of Successful and Failed Sections o National Highway (n-5) From Peshawar to Kamra with emphasis on asphalt Concrete course , 13-03-2001
